| 000 | 01469nam a2200373Ia 4500 | ||
|---|---|---|---|
| 001 | ebr10112493 | ||
| 003 | CaPaEBR | ||
| 006 | m u | ||
| 007 | cr cn||||||||| | ||
| 008 | 050411s2005 xxua sb 001 0 eng d | ||
| 010 | _z 2005273560 | ||
| 020 | _z0738491934 | ||
| 040 |
_aCaPaEBR _cCaPaEBR |
||
| 035 | _a(OCoLC)80244163 | ||
| 050 | 1 | 4 |
_aHF5548.2 _b.L624 2005eb |
| 245 | 0 | 0 |
_aLotus Workplace 2.0.1 products _h[electronic resource] : _bdeployment guide / _cAlberto Bravo ... [et al.]. |
| 250 | _a1st ed. | ||
| 260 |
_a[S.l.] : _bIBM, International Technical Support Organization, _cc2005. |
||
| 300 |
_axviii, 818 p. : _bill. |
||
| 490 | 1 | _aIBM redbooks | |
| 500 | _a"SG24-6378-00." | ||
| 504 | _aIncludes bibliographical references and index. | ||
| 533 |
_aElectronic reproduction. _bPalo Alto, Calif. : _cebrary, _d2009. _nAvailable via World Wide Web. _nAccess may be limited to ebrary affiliated libraries. |
||
| 630 | 0 | 0 | _aLotus Workplace. |
| 650 | 0 |
_aBusiness _xComputer programs. |
|
| 650 | 0 | _aManagement information systems. | |
| 650 | 0 | _aElectronic commerce. | |
| 655 | 7 |
_aElectronic books. _2local |
|
| 700 | 1 | _aBravo, Alberto. | |
| 710 | 2 |
_aInternational Business Machines Corporation. _bInternational Technical Support Organization. |
|
| 710 | 2 | _aebrary, Inc. | |
| 830 | 0 | _aIBM redbooks. | |
| 856 | 4 | 0 |
_uhttp://site.ebrary.com/lib/rucke/Doc?id=10112493 _zAn electronic book accessible through the World Wide Web; click to view |
| 999 |
_c210166 _d210166 |
||